Word Ladder: Expires Dec. 24th Quiz Stats

 Plays Quiz Updated Dec 19, 2017

Challenge
Share
Tweet
Embed
Score 0/26 Timer 03:00
3 Plays Today
Clue 3-Letter Word % Correct
'Uno' in EnglishONE
97.1%
Star Wars crawl: 'A long time ___ in a galaxy far far away'AGO
96.7%
Bird's birthing capsule ❆EGG❆
95.8%
Cumulative years a person has been aliveAGE
95.8%
Ocular organEYE
95.2%
1970 Marshall University rallying cry: 'We ___ Marshall!'ARE
95.2%
John Lennon's spouse YokoONO
95.1%
Just extracted mineralORE
95%
Freud called it the 'horseman of the id'EGO
93.3%
A beverage made of yolks❆NOG❆
89.9%
Baled grassHAY
89.8%
Coy, like a foxSLY
89.8%
1971 Led Zeppelin cover: 'When ___ Levee Breaks'❆THE❆
89.6%
Clue 3-Letter Word % Correct
SwineHOG
87.3%
Speak to someoneSAY
86.8%
WitchHAG
86.6%
Not fast, on a road signSLO
85.8%
Machine that measure heart activity EKG
84.5%
To plead, often annoyinglyNAG
83.8%
2003 Thornton X-Mas movie: '___ Santa'❆BAD❆
82.9%
Beatles song: 'Till There ___ You'❆WAS❆
82.6%
Barely squeak byEKE
82.4%
___-Cat or ___-ConeSNO
81.9%
Cyclops actor in 'X-Men Apocalypse' SheridanTYE
80.7%
NYC rapper behind 'Illmatic' and 'It Was Written'NAS
76.2%
A bundle of paper or refuse WAD
74.9%

Today's Daily Dose

You're not logged in!

Compare scores with friends on all Sporcle quizzes.
Join for Free
OR
Log In

You Might Also Like...

Show Comments

Extras

Top Quizzes Today


Score Distribution

Your Account Isn't Verified!

In order to create a playlist on Sporcle, you need to verify the email address you used during registration. Go to your Sporcle Settings to finish the process.

Report this User

Report this user for behavior that violates our Community Guidelines.

Details: